| 000 | 00415nam a22001577a 4500 | ||
|---|---|---|---|
| 020 | _a9789692208628 | ||
| 082 |
_a297.4 _bAZE |
||
| 100 | _aAzeemi, Khawaja Shams Ul Deen | ||
| 245 | _aAwaz-e-Dost | ||
| 260 |
_aKarachi : _bAzeemi University Press, _c2022. |
||
| 300 |
_a224 p. ; _c22 cm. |
||
| 563 | _aHBK. | ||
| 650 |
_aIslam-Essays _9111972 |
||
| 880 |
_6245-02\r _aآوازدوست |
||
| 942 |
_2ddc _cBK |
||
| 999 |
_c595026 _d595026 |
||